[Event "USA-ch Junior Girls 2018"]
[Site "Saint Louis"]
[Date "2018.07.19"]
[Round "7"]
[White "Samadashvili, Martha"]
[Black "Yip, Carissa"]
[Result "0-1"]
[WhiteElo "2040"]
[BlackElo "2364"]
[Annotator "TA"]
[PlyCount "122"]
[EventDate "2018.07.12"]
[EventType "tourn"]
[EventCountry "USA"]
[SourceTitle "playchess.com"]
[Source "ChessBase"]
[SourceQuality "1"]

{[%evp 11,122,16,34,17,39,32,21,3,47,0,-5,-27,-39,-30,-51,-66,-62,-62,-63,-69,-60,-137,-119,-122,-120,-124,-84,-134,-142,-156,-154,-139,-163,-176,-176,-171,-163,-170,-157,-240,-242,-272,-258,-373,-357,-343,-357,-393,-237,-254,-245,-352,-332,-307,-192,-188,-188,-182,-189,-339,-330,-303,-308,-192,0,0,0,-205,-226,-209,-222,-334,-322,-300,0,0,0,-646,0,0,0,0,0,-107,0,-652,-617,-885,-886,-806,-491,-881,-927,-839,-763,-1657,-2381,-1866,-1629,-2214,-2160,-1758,-1142,-1985,-1401,-4686,-8126,-6203,-5784,-29984,-29984,-29989,-29978]} 1. e4 e5 2. Nf3 Nc6 3. Bc4 Bc5 4. O-O Nf6 5. d3 O-O 6. a4 {C50: Hungarian Defence and Giuoco Pianissimo} (6. c3 d5 7. exd5 Nxd5 8. Re1 Be6 9. Nbd2 Bd6 10. Ne4 h6 11. b4 a6 12. a4 Re8 13. Qb3 Nf6 14. Bxe6 Rxe6 15. Be3 Ne7 16. Rad1 {1-0 (25) Kramnik,V (2800)-Anand,V (2776) Moscow 2018}) 6... a6 {LiveBook: 59 Games} 7. a5 d5 $146 ({Predecessor:} 7... h6 8. h3 d6 9. Nc3 Bb4 10. Nd5 Bxa5 11. Be3 Bd7 12. c3 Bb6 13. Nxb6 cxb6 {1-0 (67) Hoolt,S (2405)-Shen,Y (2465) Riadh 2017}) 8. exd5 {White is slightly better.} Nxd5 9. Re1 Bg4 10. h3 (10. c3 $14) 10... Bh5 $11 11. g4 Bg6 12. Bg5 f6 13. Be3 Bb4 {[%cal Bc5b4,Bb4a5,Ba5b6][%mdl 32]} 14. c3 Bxa5 15. Bc5 Re8 16. b4 ({White should play} 16. d4 $15 e4 17. Nh4) 16... Bb6 $17 17. Qb3 Bf7 18. d4 e4 19. Nbd2 Bxc5 $1 20. bxc5 b5 ({Worse is} 20... exf3 21. Rxe8+ Qxe8 22. Bxd5 $14) 21. cxb6 cxb6 {White must now prevent ...b5.} 22. Rxe4 Rxe4 23. Nxe4 Na5 $36 {[%mdl 2048] Black is on the roll.} 24. Rxa5 bxa5 25. Nc5 (25. Nfd2 $17) 25... Rb8 $19 26. Qa2 Qb6 {...Qb1+ is the strong threat.} 27. Qa4 (27. Nd2 $142 Qb2 28. Bxd5 Qxa2 29. Bxa2 Bxa2 30. Kf1) 27... Qb1+ 28. Kh2 Qb2 29. Ne4 Qb6 30. Nfd2 h5 31. g5 (31. Qa3 $142) 31... f5 32. Ng3 Qc7 33. g6 Be6 34. Kg1 h4 35. Ngf1 (35. Ne2 $142) 35... Rc8 36. Ne3 Qd6 {aiming for ...Nxe3.} 37. Qa2 {[%cal Rc4d5]} Rd8 $2 ({Better is} 37... Nf4 $19 38. Nxf5 Nxh3+ 39. Kg2 Qc6+ 40. d5 Nf4+ 41. Kh2 Qb6 42. Ne7+ Kf8) 38. Nf3 $11 {Hoping for Ng5.} Nf4 {Threatens to win with ...Rc8.} 39. Ne5 $2 (39. Ng5 $1 $11 {and White is okay.} Bxc4 40. Qxc4+ Nd5 41. Nxd5 Qxd5 42. Qc7) 39... Bxc4 $19 ({Not} 39... Nxh3+ 40. Kh2 $11) 40. Qxc4+ Qe6 41. Qc7 (41. Qxe6+ $142 Nxe6 42. Nc6) 41... Rf8 42. d5 Nxd5 $2 ({Black should try} 42... Qe8 $19 43. Nc6 Qe4 44. Ne7+ Kh8 45. N7xf5 Rg8) 43. Nxd5 $11 Qxd5 $19 {[%mdl 4096] Endgame KQR-KQN} 44. Nf7 $2 {[%mdl 8192] [#]} (44. Qe7 $11 Rd8 45. Nf7) 44... Qd1+ $2 (44... Re8 $1 $19 {[%cal Re8e1] ( -> ...Re1+)} 45. Kh2 Qe6 46. Nh6+ Kf8) 45. Kh2 $11 {Intending Nh6+! and mate.} Qd2 46. Kg2 {White wants to mate with Qc4.} Qd5+ 47. Kh2 {[#]} (47. Kg1 $1 $11 {remains equal.}) 47... Re8 (47... Rxf7 $1 $17 48. gxf7+ Kf8) 48. c4 $2 {[%mdl 8192]} (48. Nd6 $11 Rf8 49. Qe7) 48... Qe6 $19 49. c5 Qxg6 {And now ...Re1 would win.} 50. Nd6 Rf8 51. Qd7 (51. Qxa5 $142 Qe6 52. Qa3 Qe5+ 53. Kg1) 51... f4 {[%cal Bf5f4,Bf4f3][%mdl 32]} 52. Nc4 Qf5 53. Qe7 f3 54. Ne3 Qf7 55. Qxh4 Qf4+ 56. Qxf4 Rxf4 {KR-KN} 57. c6 Rf8 58. Nd5 a4 {[%cal Ba5a4,Ba4a3][%mdl 32]} 59. c7 a3 60. Ne7+ Kh7 61. Nc6 Rc8 {Precision: White = 34%, Black = 75%.} 0-1

[Event "USA-ch Junior Girls 2018"]
[Site "Saint Louis"]
[Date "2018.07.19"]
[Round "7"]
[White "Morris-Suzuki, Sophie"]
[Black "Yu, Jennifer"]
[Result "0-1"]
[WhiteElo "1980"]
[BlackElo "2358"]
[Annotator "TA"]
[PlyCount "82"]
[EventDate "2018.07.12"]
[EventType "tourn"]
[EventCountry "USA"]
[SourceTitle "playchess.com"]
[Source "ChessBase"]
[SourceQuality "1"]

{[%evp 15,81,18,14,21,35,28,41,17,-3,-23,-24,-13,-26,-18,-23,-37,-29,-31,-33,-78,-65,-262,-25,-29,-8,-17,0,-97,-97,-66,-71,-828,-799,-750,-333,-743,-731,-1416,-543,-520,-12,-501,-487,-556,-558,-548,-565,-556,-553,-525,-385,-425,-410,-1226,-523,-564,-546,-660,-651,-5102,-5022,-29983,-29984,-29992,-29993,-29996,-29990,-29999]} 1. d4 g6 2. e4 Bg7 3. c4 e5 4. d5 d6 5. Nc3 Ne7 6. g3 {A42: Modern Defence: Averbakh Variation} (6. Be3 Nd7 7. Qd2 f5 8. f3 Nf6 9. h3 f4 10. Bf2 O-O 11. c5 g5 12. O-O-O h5 13. cxd6 cxd6 14. Kb1 Bd7 15. Bb5 g4 16. Bxd7 Qxd7 17. hxg4 hxg4 18. fxg4 Qxg4 {1-0 (37) Le,Q (2693)-Mamedyarov,S (2726) Astana 2012}) 6... O-O 7. Bg2 f5 8. Nge2 Nd7 {LiveBook: 4 Games} 9. O-O h6 10. exf5 gxf5 $146 ({Predecessor:} 10... Nxf5 11. Ne4 Nd4 12. Nxd4 exd4 {½-½ (48) Pychova,N (2201)-Arda,C (2124) Rymanow Zdroj 2017}) 11. f4 e4 12. g4 fxg4 13. Ng3 Nc5 14. Ncxe4 Nf5 15. Qxg4 Ne3 16. Qg6 Nxf1 17. Kxf1 Rf7 18. Nh5 $2 {[#]} (18. Be3 $15) 18... Qf8 $2 (18... Nxe4 $1 $19 19. Bxe4 Qh4) 19. Neg3 $11 Bf5 $36 {[%mdl 2048] Black has some pressure.} 20. Nxf5 Rxf5 21. Nxg7 (21. Bf3 $11) 21... Rf6 $17 22. Qc2 Qxg7 23. Kg1 $2 {[%mdl 8192]} (23. a4 $17) 23... Re8 $19 24. b4 Re1+ 25. Kf2 Rg6 26. Kf3 Rxg2 (26... Ne4 $142 {( -> ...Rg3+!)} 27. Be3 Rxg2 28. Rxe1 Rxc2) 27. Qxg2 Qxg2+ 28. Kxg2 {[%mdl 4096] Endgame KRB-KRN} Nd3 29. Bb2 Re2+ 30. Kf3 Rxb2 {KRN-KR} 31. a3 Rxh2 32. Ke4 Nb2 33. Rc1 Kf7 34. Kf5 (34. c5 $142 Ke7 35. Rg1) 34... Rf2 {[#] ...Nd3 is the strong threat.} 35. Rc3 Re2 36. c5 Nd1 37. Rc1 Re1 38. c6 b6 {Black mates.} 39. Rc5 bxc5 40. bxc5 Re8 {[%cal Rd1e3]} 41. cxd6 Ne3# {Precision: White = 32%, Black = 62%.} 0-1

[Event "USA-ch Junior Girls 2018"]
[Site "Saint Louis"]
[Date "2018.07.19"]
[Round "7"]
[White "Matus, Nastassja"]
[Black "Wu, Rochelle"]
[Result "1-0"]
[WhiteElo "1960"]
[BlackElo "2110"]
[Annotator "NA RC"]
[PlyCount "113"]
[EventDate "2018.07.12"]
[EventType "tourn"]
[EventCountry "USA"]
[SourceTitle "playchess.com"]
[Source "ChessBase"]
[SourceQuality "1"]
[TimeControl "40/5400+30:1800+30"]

1. d4 {[%emt 0:00:00]} d5 {[%emt 0:00:00]} 2. c4 {[%emt 0:00:00]} c6 {[%emt 0:00:00]} 3. Nf3 {[%emt 0:00:00]} Nf6 {[%emt 0:00:00]} 4. Qb3 {[%emt 0:00:00]} dxc4 {[%emt 0:01:04]} 5. Qxc4 {[%emt 0:00:00]} Bg4 {[%emt 0:00:45]} 6. Nbd2 {[%emt 0:00:21]} Nbd7 {[%emt 0:00:54] D23: Queen's Gambit Accepted: 3 Nf3 Nf6 sidelines} 7. g3 {[%emt 0:00:35]} e6 {[%emt 0:00:54]} 8. Bg2 {[%emt 0:00:35]} Be7 {[%emt 0:00:33]} 9. O-O {[%emt 0:00:26]} O-O {[%emt 0:00:51]} 10. Re1 {[%emt 0:14:20]} Rc8 {[%emt 0:06:04] LiveBook: 7 Partien} 11. Qb3 {[%emt 0:01:21]} Qb6 {[%emt 0:03:38]} 12. Nc4 {[%emt 0:11:07]} Qa6 {[%emt 0:01:30]} 13. Bf4 {[%emt 0:04:51] [#]} Nd5 $146 {[%emt 0:05:23]} ({Predecessor:} 13... c5 14. Nfe5 {½-½ (39) Krasenkow,M (2607)-Khairullin,I (2638) Jurmala 2012}) 14. Bd6 {[%emt 0:04:03]} N7b6 {[%emt 0:10:38]} 15. Bxe7 {[%emt 0:02:20]} Nxe7 {[%emt 0:01:23]} 16. Nce5 {[%emt 0:13:21]} Bh5 {[%emt 0:03:56]} 17. Nd3 {[%emt 0:05:54]} Qc4 {[%emt 0:04:33]} 18. Qxc4 {[%emt 0:04:36]} Nxc4 {[%emt 0:00:06]} 19. Rac1 {[%emt 0:00:21]} Nd6 {[%emt 0:01:40]} 20. Nf4 {[%emt 0:01:31]} Bxf3 {[%emt 0:01:26]} 21. Bxf3 {[%emt 0:00:35]} Rfd8 {[%emt 0:01:03]} 22. Red1 {[%emt 0:01:37]} g6 {[%emt 0:05:17]} 23. Nd3 {[%emt 0:03:33]} Nd5 {[%emt 0:07:08]} 24. Nc5 {[%emt 0:08:02]} b6 {[%emt 0:02:09]} 25. Nd3 {[%emt 0:02:56]} Ne7 {[%emt 0:07:08]} 26. e3 {[%emt 0:06:14]} Rc7 {[%emt 0:03:36]} 27. Nb4 {[%emt 0:04:19]} Rdc8 {[%emt 0:01:26]} 28. Na6 {[%emt 0:00:32]} Rd7 {[%emt 0:00:15]} 29. Rc2 {[%emt 0:01:05]} Nb7 {[%emt 0:01:24]} 30. Rdc1 {[%emt 0:01:45]} Rd6 {[%emt 0:01:23]} 31. b4 {[%emt 0:01:49]} b5 {[%emt 0:12:34]} 32. Nc5 {[%emt 0:01:43]} Nd8 {[%emt 0:01:27]} 33. Ne4 {[%emt 0:00:46]} Rd5 {[%emt 0:00:43]} 34. Nf6+ {[%emt 0:00:08]} Kg7 {[%emt 0:00:05]} 35. Nxd5 {[%emt 0:00:18]} exd5 {[%emt 0:00:22]} 36. Rc3 {[%emt 0:01:47]} f5 {[%emt 0:00:50]} 37. Be2 {[%emt 0:00:47]} Rb8 {[%emt 0:00:16]} 38. Ra1 {[%emt 0:00:43]} a6 {[%emt 0:00:40]} 39. a4 {[%emt 0:00:49]} Nf7 {[%emt 0:00:25]} 40. axb5 {[%emt 0:00:00]} axb5 {[%emt 0:00:00]} 41. Ra7 {[%emt 0:01:31]} Kf6 {[%emt 0:00:18]} 42. Rca3 {[%emt 0:02:21]} Nd6 {[%emt 0:00:21]} 43. Kg2 {[%emt 0:05:13]} Ke6 {[%emt 0:00:30]} 44. h4 {[%emt 0:03:41]} h5 {[%emt 0:02:57]} 45. Ra1 {[%emt 0:03:35]} Ndc8 {[%emt 0:01:36]} 46. R7a3 {[%emt 0:01:28]} Nd6 {[%emt 0:00:29]} 47. Kh3 {[%emt 0:02:43]} Kf6 {[%emt 0:01:26]} 48. R3a2 {[%emt 0:02:19]} Rb7 {[%emt 0:01:03]} 49. Bd3 {[%emt 0:00:17]} Rb8 {[%emt 0:01:00]} 50. f3 {[%emt 0:01:07]} Rh8 $18 {[%emt 0:00:28]} 51. Rf1 {[%emt 0:01:19]} Ke6 {[%emt 0:00:42]} 52. Ra7 {[%emt 0:03:14]} Rh6 {[%emt 0:04:44]} 53. Re1 {[%emt 0:00:26]} Kf6 {[%emt 0:01:36]} 54. Rc7 {[%emt 0:01:58]} Rh8 {[%emt 0:01:04]} 55. e4 {[%emt 0:04:14]} dxe4 {[%emt 0:00:37]} 56. fxe4 {[%emt 0:00:05]} fxe4 {[%emt 0:00:23]} 57. Bxe4 {[%emt 0:00:04]} 1-0

[Event "USA-ch Junior Girls 2018"]
[Site "Saint Louis"]
[Date "2018.07.20"]
[Round "8"]
[White "Yu, Jennifer"]
[Black "Samadashvili, Martha"]
[Result "1/2-1/2"]
[WhiteElo "2358"]
[BlackElo "2040"]
[Annotator "TA"]
[PlyCount "133"]
[EventDate "2018.07.12"]
[EventType "tourn"]
[EventCountry "USA"]
[SourceTitle "playchess.com"]
[Source "ChessBase"]
[SourceQuality "1"]

{[%evp 18,133,16,0,42,46,50,-1,0,0,62,4,29,19,18,0,11,0,14,18,29,0,0,0,28,37,88,82,93,81,146,127,152,45,93,54,66,36,61,37,75,38,107,41,32,14,14,14,26,26,36,29,39,15,70,0,0,0,7,0,4,0,0,0,51,0,62,15,151,45,49,0,0,0,0,0,8,8,89,8,8,0,0,0,0,0,4,0,0,-25,8,8,8,8,8,8,8,8,8,8,8,0,8,8,8,8,8,8,8,8,8,8,8,8,8,8,8,8]} 1. c4 e5 2. Nc3 Nc6 3. g3 g6 4. Bg2 d6 5. e3 Bg7 6. Nge2 Nf6 7. d3 O-O 8. O-O Be6 9. Nd5 Qd7 10. f4 {LiveBook: 6 Partien. A25: Englische Eröffnung (Sizilianisch im Anzug)} (10. Nec3 Ne8 11. f4 f5 12. Qa4 Kh8 13. Bd2 Nd8 14. Qxd7 Bxd7 15. Ne2 c6 16. Ndc3 Ne6 17. b4 a6 18. Rab1 {0-1 (38) Ivanchuk,V (2726)-Mchedlishvili,M (2603) Riadh 2017}) 10... Ne8 11. Rb1 Bh3 12. b4 (12. Bxh3 $14 Qxh3 13. Bd2) 12... Bxg2 $11 13. Kxg2 Nf6 $146 (13... Ne7 $11) ({Vorgänger:} 13... Nd8 14. e4 f5 15. fxe5 dxe5 16. b5 c6 17. bxc6 bxc6 {0-1 (26) Hanken,J (2230)-Manion,J (2335) Chicago 1994}) 14. b5 (14. f5 $14) 14... Ne7 15. Nxf6+ Bxf6 16. fxe5 Bxe5 17. e4 $36 {[%mdl 2048] Weiss hat gut koordiniertes Spiel.} f5 18. Bh6 Rfe8 19. Qb3 Kh8 20. Rbe1 c6 21. Ng1 Bg7 (21... a6 $14) 22. Bxg7+ $16 Kxg7 23. Nh3 cxb5 (23... Rad8 $142) 24. cxb5 d5 25. Ng5 (25. Nf4 $16) 25... h6 26. Nf3 (26. Ne6+ {seems wilder.} Qxe6 27. exf5 Qd7 28. f6+ Kh8 29. fxe7 Rxe7 30. Rxe7 Qxe7 31. Qxd5 Rd8 32. Qe4) 26... Rf8 27. Rf2 Rae8 28. e5 d4 29. Qa4 Rd8 (29... f4 $14) 30. Qxa7 (30. e6 $16 Qc7 31. Qxa7) 30... Qxb5 $14 31. Nxd4 Qd5+ 32. Nf3 Ra8 33. Qd4 {Und weiter mit Db4 wäre nett.} Rfd8 {[#] Weiss muss nun ...Dxf3+! beachten.} 34. Qxd5 (34. Qb2 {feels hotter.} Qe6 35. d4 Rd7 36. Kg1 Nd5 37. Qb3) 34... Rxd5 35. Rb1 b5 ({Günstiger ist} 35... Rxd3 $11 36. Rxb7 Kf8) 36. Rc2 ({Lieber} 36. d4 $14) 36... g5 $11 37. d4 Ra4 38. Rf1 Kf7 39. h3 Ke6 40. g4 Ra6 (40... b4 $11) 41. Rfc1 (41. Rb2 $14) 41... Ra3 (41... b4 $11) 42. Rf2 Ra6 {[#]} (42... f4 $11) 43. Rc7 (43. Nd2 $1 $16) 43... Rd7 $14 44. Rxd7 (44. Rc5 {with more complications.} Rd5 45. Rc1 Rd8 46. Rb1 Rb8 47. Rb3) 44... Kxd7 {[%mdl 4096] Endspiel KTS-KTS} 45. Ne1 {Und Sd3 würde nun gewinnen.} fxg4 46. hxg4 Ra4 47. Rd2 Nc6 (47... Ke6 $11) 48. Nf3 ({Besser ist} 48. Kf3 $16) 48... Ne7 $11 49. Rb2 Nd5 50. Kg3 Nc3 51. d5 Nxd5 52. Rxb5 Ne3 53. Rb7+ Ke6 54. Rb6+ {Die Stellung ist ausgeglichen.} Ke7 55. Rxh6 Nxg4 56. Rh7+ Ke6 57. Nxg5+ Kxe5 58. Nf3+ Kf5 59. Rf7+ Ke6 60. Rf4 Rxf4 $1 61. Kxf4 {KS-KS} Nf6 62. Ke3 Kd5 63. Kd3 Nd7 64. Kc3 Kc5 65. Kb3 Kb5 66. Nd4+ Ka5 67. Nc6+ {Precision: Weiß = 30%, Schwarz = 41%.} 1/2-1/2

[Event "USA-ch Junior Girls 2018"]
[Site "Saint Louis"]
[Date "2018.07.20"]
[Round "8"]
[White "Feng, Maggie"]
[Black "Yip, Carissa"]
[Result "0-1"]
[WhiteElo "2236"]
[BlackElo "2364"]
[Annotator "TA"]
[PlyCount "74"]
[EventDate "2018.07.12"]
[EventType "tourn"]
[EventCountry "USA"]
[SourceTitle "playchess.com"]
[Source "ChessBase"]
[SourceQuality "1"]

{[%evp 14,74,7,5,56,0,28,17,21,22,27,14,22,0,3,-10,-12,-21,-8,-10,-18,-26,-29,-45,-25,-30,0,0,0,0,0,0,0,0,0,0,112,120,110,-100,-114,-260,-257,-352,-272,-514,-472,-633,-577,-556,-569,-1004,-985,-2316,-2227,-29967,-12829,-7037,-6740,-3026,-2918,-29992,-6960]} 1. Nf3 Nf6 2. g3 b5 3. Bg2 Bb7 4. O-O e6 5. d3 Be7 6. e4 d6 7. Na3 {A05: Réti Opening: 1 Nf3 Nf6} (7. Nd4 a6 8. Nb3 c5 9. e5 Bxg2 10. exf6 Bxf1 11. fxe7 Qxe7 12. Qxf1 Nc6 13. Be3 O-O 14. Nc3 f5 {1-0 (39) Aronian,L (2801)-Ipatov,A (2630) Antalya 2013}) 7... a6 8. c4 {LiveBook: 12 Games} b4 (8... O-O $11) 9. Nc2 ({Better is} 9. Qa4+ $1 $14 Nc6 10. Nc2) 9... a5 10. Nd2 $146 ({Predecessor:} 10. b3 O-O 11. Bb2 c5 12. Nh4 Nfd7 13. f4 Bxh4 14. gxh4 Qxh4 {½-½ (62) Karasev,V (2408)-Monin,N (2359) St Petersburg 2001}) 10... e5 11. f4 Nbd7 12. Nf3 O-O 13. Kh1 Re8 14. Be3 Bf8 15. Qd2 c6 16. Rae1 Qc7 17. Bg1 Rad8 18. Re2 Ba6 19. b3 d5 20. exd5 cxd5 {And now ...e4 would win.} 21. fxe5 dxc4 22. bxc4 ({Much weaker is} 22. exf6 Rxe2 23. Qxe2 cxd3 $17) 22... Nxe5 23. Nxe5 Rxe5 24. Bd4 Rh5 (24... Rxe2 $11 25. Qxe2 Qd7) 25. Bxf6 $16 gxf6 26. Qe3 $2 {[#]} (26. Ne3 $1 $16) 26... Re5 $1 $17 {[%cal Re5e3]} 27. Qf3 {[#]} (27. Qf2 $17 {is a better defense.}) 27... Rxd3 $1 $19 {[%mdl 512]} 28. Qg4+ (28. Qxd3 $2 {loses.} Bxc4 29. Qd2 Rxe2 $19) 28... Rg5 29. Qe4 $2 (29. Qf4 {is the only way for White.} Qxf4 30. gxf4) 29... Qxc4 30. Rfe1 Qxe4 31. Bxe4 Rc3 32. Rd2 Re5 33. Bg2 {[#]} Rxc2 $1 34. Rxe5 (34. Rxc2 Rxe1+) 34... Rc1+ ({Weaker is} 34... fxe5 35. Rxc2 Bd3 36. Rc1 $11) 35. Bf1 fxe5 36. Kg2 Bxf1+ 37. Kf2 Bc4 {Precision: White = 28%, Black = 62%.} (37... Bc5+ $142 38. Kf3 f5 39. Rd3 e4+ 40. Kf4 exd3 41. g4 d2 42. h3 d1=Q 43. a4 Bxh3 44. Ke5 Bxg4 45. Kf6 Qd8+ 46. Ke6 Re1#) 0-1

[Event "USA-ch Junior Girls 2018"]
[Site "Saint Louis"]
[Date "2018.07.20"]
[Round "8"]
[White "Nguyen, Emily"]
[Black "Cervantes Landeiro, Thalia"]
[Result "0-1"]
[WhiteElo "2215"]
[BlackElo "2208"]
[Annotator "ChessBase"]
[PlyCount "210"]
[EventDate "2018.07.12"]
[EventType "tourn"]
[EventCountry "USA"]
[SourceTitle "playchess.com"]
[Source "ChessBase"]
[SourceQuality "1"]
[TimeControl "40/5400+30:1800+30"]

1. d4 {[%emt 0:00:00]} d5 {[%emt 0:00:00]} 2. c4 {[%emt 0:00:00]} dxc4 {[%emt 0:00:00]} 3. Nf3 {[%emt 0:00:00]} a6 {[%emt 0:00:00]} 4. e3 {[%emt 0:08:09]} Bg4 {[%emt 0:00:12]} 5. Bxc4 {[%emt 0:00:46]} e6 {[%emt 0:00:12]} 6. O-O {[%emt 0:01:56]} Nc6 {[%emt 0:00:25]} 7. b3 {[%emt 0:02:26]} Nf6 {[%emt 0:01:03]} 8. Bb2 {[%emt 0:01:08]} Bd6 {[%emt 0:06:13]} 9. Nbd2 {[%emt 0:01:07]} O-O {[%emt 0:01:33]} 10. Be2 {[%emt 0:08:30]} Nd7 {[%emt 0:17:06]} 11. Nc4 {[%emt 0:02:45]} Be7 {[%emt 0:01:14]} 12. e4 {[%emt 0:06:15]} Nf6 {[%emt 0:10:02]} 13. Ne3 {[%emt 0:01:59]} Bh5 {[%emt 0:03:01]} 14. d5 {[%emt 0:02:21]} exd5 {[%emt 0:02:50]} 15. e5 {[%emt 0:01:11]} Nd7 {[%emt 0:06:32]} 16. Qxd5 {[%emt 0:02:36]} Nb6 {[%emt 0:01:50]} 17. Qe4 {[%emt 0:00:20]} Bg6 {[%emt 0:00:23]} 18. Nf5 {[%emt 0:05:56]} Qc8 {[%emt 0:06:36]} 19. Nxe7+ {[%emt 0:02:48]} Nxe7 {[%emt 0:00:07]} 20. Qe3 {[%emt 0:06:16]} Nbd5 {[%emt 0:02:39]} 21. Qc1 {[%emt 0:00:22]} Rd8 {[%emt 0:01:47]} 22. Rd1 {[%emt 0:05:05]} Nc6 {[%emt 0:04:20]} 23. Bc4 {[%emt 0:06:07]} Nce7 {[%emt 0:04:25]} 24. Be2 {[%emt 0:09:39]} c5 {[%emt 0:06:27]} 25. Nh4 {[%emt 0:02:24]} Qc7 {[%emt 0:07:50]} 26. Nxg6 {[%emt 0:06:44]} Nxg6 {[%emt 0:01:21]} 27. Bf3 {[%emt 0:00:34]} Nb4 {[%emt 0:02:29]} 28. Be4 {[%emt 0:07:39]} Rxd1+ {[%emt 0:07:16]} 29. Qxd1 {[%emt 0:00:06]} Rd8 {[%emt 0:00:10]} 30. Qf3 {[%emt 0:04:27]} Nc6 {[%emt 0:05:02]} 31. Qg3 {[%emt 0:01:51]} Nd4 {[%emt 0:00:26]} 32. Bxd4 {[%emt 0:02:19]} Rxd4 {[%emt 0:01:34]} 33. Re1 {[%emt 0:00:48]} Qa5 {[%emt 0:00:36]} 34. Qe3 {[%emt 0:00:21]} Qc7 {[%emt 0:00:42]} 35. Bxg6 {[%emt 0:01:10]} hxg6 {[%emt 0:00:28]} 36. e6 {[%emt 0:00:04]} fxe6 {[%emt 0:00:07]} 37. Qxe6+ {[%emt 0:00:03]} Qf7 {[%emt 0:00:01]} 38. Qc8+ {[%emt 0:00:06]} Kh7 {[%emt 0:00:04]} 39. Qxc5 {[%emt 0:01:36]} Rd2 {[%emt 0:00:52]} 40. h3 {[%emt 0:00:00]} Rxa2 {[%emt 0:00:00]} 41. Re4 {[%emt 0:05:25]} Qf6 {[%emt 0:13:31]} 42. g3 {[%emt 0:03:29]} b6 {[%emt 0:04:39]} 43. Qe3 {[%emt 0:00:08]} Ra5 {[%emt 0:00:55]} 44. Kg2 {[%emt 0:05:56]} Qc6 {[%emt 0:01:41]} 45. Kh2 {[%emt 0:02:26]} Rh5 {[%emt 0:02:45]} 46. g4 Rc5 47. b4 {[%emt 0:07:48]} Rc3 {[%emt 0:02:58]} 48. Qd4 Rc2 49. Kg1 {[%emt 0:06:45]} Rc1+ {[%emt 0:03:00]} 50. Kh2 Qc7+ {[%emt 0:01:02]} 51. Kg2 {[%emt 0:00:26]} b5 {[%emt 0:02:42]} 52. g5 {[%emt 0:01:11]} Qc6 {[%emt 0:00:35]} 53. Kh2 Qc7+ {[%emt 0:00:39]} 54. Kg2 {[%emt 0:00:29]} Qb7 {[%emt 0:00:34]} 55. f3 {[%emt 0:01:37]} Rc2+ {[%emt 0:00:44]} 56. Kg1 {[%emt 0:00:14]} Rc8 {[%emt 0:01:03]} 57. Qe3 {[%emt 0:00:35]} Qf7 {[%emt 0:00:33]} 58. Kg2 {[%emt 0:02:18]} Qa2+ {[%emt 0:00:38]} 59. Kg3 {[%emt 0:00:07]} Qd5 {[%emt 0:00:26]} 60. Rd4 {[%emt 0:00:38]} Qf7 {[%emt 0:00:24]} 61. Rf4 {[%emt 0:00:27]} Qc7 {[%emt 0:00:26]} 62. Kg2 {[%emt 0:00:41]} Qc2+ {[%emt 0:00:35]} 63. Kg3 {[%emt 0:00:02]} Rc4 {[%emt 0:00:42]} 64. Rd4 {[%emt 0:02:05]} Rxd4 {[%emt 0:01:00]} 65. Qxd4 {[%emt 0:00:02]} Qc1 {[%emt 0:00:15]} 66. h4 {[%emt 0:00:31]} Qe1+ {[%emt 0:00:27]} 67. Kg2 {[%emt 0:00:03]} a5 {[%emt 0:00:54]} 68. bxa5 {[%emt 0:00:21]} Qxa5 {[%emt 0:00:03]} 69. Qd5 {[%emt 0:01:17]} Qa4 {[%emt 0:01:05]} 70. h5 {[%emt 0:00:14]} Qc2+ {[%emt 0:00:16]} 71. Kg3 {[%emt 0:00:09]} b4 {[%emt 0:00:45]} 72. hxg6+ {[%emt 0:00:15]} Qxg6 {[%emt 0:00:34]} 73. f4 {[%emt 0:00:06]} Qb1 {[%emt 0:00:32]} 74. f5 {[%emt 0:01:15]} Qg1+ {[%emt 0:00:40]} 75. Kf4 {[%emt 0:00:05]} Qh2+ {[%emt 0:00:28]} 76. Kg4 {[%emt 0:00:25]} Qe2+ {[%emt 0:00:33]} 77. Kf4 {[%emt 0:00:06]} Qf1+ {[%emt 0:00:03]} 78. Kg4 {[%emt 0:00:12]} Qg1+ {[%emt 0:00:58]} 79. Kf4 {[%emt 0:00:10]} Qf2+ {[%emt 0:00:51]} 80. Kg4 {[%emt 0:00:06]} Qe2+ {[%emt 0:01:01]} 81. Kf4 {[%emt 0:00:08]} Qh5 {[%emt 0:00:52]} 82. g6+ {[%emt 0:02:26]} Kh6 {[%emt 0:00:06]} 83. Qd3 {[%emt 0:02:15]} Qh4+ {[%emt 0:00:30]} 84. Ke5 {[%emt 0:00:03]} Qe7+ {[%emt 0:00:13]} 85. Kf4 {[%emt 0:00:03]} Qg5+ {[%emt 0:00:11]} 86. Ke4 {[%emt 0:01:18]} Qe7+ {[%emt 0:00:23]} 87. Kf4 {[%emt 0:00:27]} Qh4+ {[%emt 0:00:07]} 88. Ke5 {[%emt 0:00:05]} Qe7+ {[%emt 0:01:21]} 89. Kf4 {[%emt 0:00:06]} Qg5+ {[%emt 0:00:53]} 90. Ke5 {[%emt 0:01:11]} Qf6+ {[%emt 0:00:31]} 91. Kf4 {[%emt 0:00:10]} Qc3 {[%emt 0:00:29]} 92. Qe4 {[%emt 0:01:13]} Qh3 {[%emt 0:00:46]} 93. Ke5 {[%emt 0:00:28]} b3 {[%emt 0:00:26]} 94. Qb1 {[%emt 0:00:34]} Qe3+ {[%emt 0:00:23]} 95. Kd5 {[%emt 0:00:30]} Kg5 {[%emt 0:00:26]} 96. Qb2 {[%emt 0:00:12]} Qf3+ {[%emt 0:00:08]} 97. Kd6 {[%emt 0:00:43]} Qd3+ {[%emt 0:00:46]} 98. Ke7 {[%emt 0:00:26]} Qe4+ {[%emt 0:00:41]} 99. Kd6 {[%emt 0:00:15]} Qb4+ {[%emt 0:00:44]} 100. Ke6 {[%emt 0:00:48]} Qb6+ {[%emt 0:00:30]} 101. Kd5 {[%emt 0:00:17]} Qb5+ {[%emt 0:00:09]} 102. Kd6 {[%emt 0:00:22]} Qxf5 {[%emt 0:00:56]} 103. Qxb3 {[%emt 0:00:18]} Qxg6+ {[%emt 0:00:07]} 104. Ke5 {[%emt 0:00:50]} Qf6+ {[%emt 0:00:05]} 105. Ke4 {[%emt 0:00:09]} Qf4+ {[%emt 0:00:08]} 0-1